000 01171naa a2200313 c 4500
001 38796
003 ES-MaCES
005 20150929135556.0
008 090505n2009 sp t 000 | spa d
035 _aCES20090002394v
040 _aES-MaCES
_bspa
_cES-MaCES
100 1 _aRodríguez Cardo, Iván Antonio
_922298
245 1 0 _aMercado empresarial europeo y Derecho Laboral
_b: algunas pistas a partir de la jurisprudencia comunitaria
_cIván Antonio Rodríguez Cardo
500 _aResumen
650 4 _aresponsabilidad del empleador
_930146
650 4 _alegislación del trabajo
_927166
650 4 _aconvenio colectivo
_928361
650 4 _aderecho del trabajo
_927165
650 4 _arepresentación de los trabajadores
_928379
650 4 _aderechos de los trabajadores
_929924
650 4 _anegociación colectiva
_928362
653 1 0 _aRelaciones laborales-Empleo
650 4 _928369
_arelaciones laborales
650 4 _926752
_aUE
773 0 _tTribuna social
_gn. 219 (marzo 2009){10448 R. 073712}; p. 43-54
_w(ES-MaCES)25455
_959573
902 _aART Artículo de revista
942 _2CES
_cAR
_h2.0.
999 _c38796
_d38796